International human resource management (Record no. 5731)

MARC details
000 -LEADER
fixed length control field 00634cam a2200229ua 4500
001 - CONTROL NUMBER
control field 6587
005 - DATE AND TIME OF LATEST TRANSACTION
control field 20260515114055.0
008 - FIXED-LENGTH DATA ELEMENTS--GENERAL INFORMATION
fixed length control field 140703n ii |||gr||||Z||||||eng
020 ## - INTERNATIONAL STANDARD BOOK NUMBER
International Standard Book Number 978-81-7371-615-7
040 ## - CATALOGING SOURCE
Transcribing agency MAIN
082 ## - DEWEY DECIMAL CLASSIFICATION NUMBER
Classification number 658.3
245 ## - TITLE STATEMENT
Title International human resource management
Statement of responsibility, etc. By Chris brewster
250 ## - EDITION STATEMENT
Edition statement 1st ed.
260 ## - PUBLICATION, DISTRIBUTION, ETC.
Place of publication, distribution, etc. Hyderabad:
Name of publisher, distributor, etc. Universities press,
Date of publication, distribution, etc. 2008.
300 ## - PHYSICAL DESCRIPTION
Extent xi,307p.
653 ## - INDEX TERM--UNCONTROLLED
Uncontrolled term General management
653 ## - INDEX TERM--UNCONTROLLED
Uncontrolled term International human resource management
700 ## - ADDED ENTRY--PERSONAL NAME
Personal name Brewster,Chris,
Relator term Author.,
700 ## - ADDED ENTRY--PERSONAL NAME
Personal name Sparrow,Paul,
Relator term Author.
700 ## - ADDED ENTRY--PERSONAL NAME
Personal name Vernon,Guy,
Relator term Author.
942 ## - ADDED ENTRY ELEMENTS (KOHA)
Koha item type Books
Holdings
Withdrawn status Lost status Damaged status Not for loan Home library Current library Shelving location Date acquired Total checkouts Full call number Barcode Date last seen Copy number Price effective from Koha item type
        Naharkatiya College Library Naharkatiya College Library General stacks 09/19/2020   658.3 | BRE 17453 09/19/2020 1 09/19/2020 Books